Padesátka : 1966-2016 /

Korporativní autor: Valaška (hudební skupina)
Další autoři: Maňas, Václav, 1942-
Jazyk: Čeština
Vydáno: Dolní Bojanovice : Tonstudio Rajchman, 2016
Témata:
Fyzický popis: 1 CD audio (48:30) ; 12 cm
Zvukové nahrávky
Uloženo v:
LEADER 01988njm a2200493 i 4500
001 001614658
003 CZ BrMZK
005 20180409165226.0
007 sd fungnnmmned
008 180131t20162016xr munng n cze
015 |a cnb002976896 
024 3 |a 8595210939926 
028 0 1 |a JR 0399 - 2  |b Tonstudio Rajchman 
040 |a BOA001  |b cze  |e rda 
047 |a df  |a wz  |a zz 
072 7 |a 78.011.26  |x Populární hudba. Populární písně. Populární taneční hudba  |2 Konspekt  |9 9 
080 |a 785.12  |2 MRF 
080 |a 78.085.2  |2 MRF 
080 |a (086.76)  |2 MRF 
245 0 0 |a Padesátka :  |b 1966-2016 /  |c dechová hudba Valaška 
264 1 |a Dolní Bojanovice :  |b Tonstudio Rajchman,  |c 2016 
264 4 |c ©2016 
300 |a 1 CD audio (48:30) ;  |c 12 cm 
306 |a 004830 
336 |a hraná hudba  |b prm  |2 rdacontent 
337 |a audio  |b s  |2 rdamedia 
338 |a audiodisk  |b sd  |2 rdacarrier 
344 |a digital  |b optical  |2 rda 
347 |a audio soubor  |b CD audio  |2 rda 
500 |a Název z disku 
500 |a Hudba většinou Václav Maňas ml. 
505 0 0 |t Veselí muzikanti --  |t Jak růža voňavá --  |t Ta naše láska --  |t Ťuky, ťuky na okénko --  |t Když hudba zavolá --  |t Leť, holúbku bílý --  |t Nad úvozem --  |t Správný pár --  |t Už sa vinohrady --  |t Bečičko dubová --  |t Víno je nejlepší --  |t Kolem staré boží muky --  |t Kerý tatíček --  |t Má pouť --  |t Když hraje dechovka 
511 1 |a Dechová hudba Valaška 
518 |o Nahráno  |d 2016  |p Tonstudio Rajchman 
650 0 7 |a dechová hudba  |7 ph119353  |2 czenas 
650 0 7 |a polky  |7 ph224419  |2 czenas 
650 0 7 |a valčíky  |7 ph224487  |2 czenas 
655 7 |a kompaktní disky  |7 fd201991  |2 czenas 
700 1 |a Maňas, Václav,  |d 1942-  |7 jn20030516001  |4 cmp 
710 2 |a Valaška (hudební skupina)  |7 ko2003181078  |4 prf 
910 |a BOA001  |b CDR-1400.453 
990 |a AV 
991 |b 201804 
996 6 |b 2610732867  |c CDR-1400.453  |l MZK  |r Sklad / do 24 hodin  |n 0  |p p.v.  |w 001650179  |u 000010  |a 1  |e BOA001  |j MZK50  |s P